Chaîne de mots de 3 lettres - Statistiques

Statistiques générales
  • Ce quiz a été pris 28 068 fois
  • Le résultat moyen est 20 sur 26
Statistiques - réponses
Indice Réponse % Correct
Après le Fa Sol
97%
Délivré à la fin du lycée Bac
92%
Contraire de mou Dur
92%
Ordinateur de Apple Mac
92%
Au milieu du visage Nez
92%
Clé de stockage numérique USB
88%
Ami roux de Harry Potter Ron
87%
Le cinéma en est le septième Art
86%
Fleur des rois Lys
86%
Rassemble 193 nations ONU
83%
Agence américaine de renseignement CIA
80%
Boisson des Anglais Thé
80%
Sur la droite d'une carte Est
78%
Chanteuse du sens de la vie (2012) TAL
72%
Autour du cou Col
71%
Lampe à base de diode LED
69%
Mahal Taj
69%
Prénom de Ferré Léo
68%
Interjection synonyme de flûte Zut
68%
Géologique ou glaciaire Ère
67%
Avion à réaction Jet
63%
Héros de Matrix Neo
62%
Hauteur de la voix Ton
61%
Unité de résistance électrique Ohm
59%
Poème lyrique Ode
52%
Ancien nom de Tokyo Edo
45%
Aucun quiz correspondant
Distribution des résultats
% des personnes avec chaque résultat
Percentile par nombre de réponses
Votre historique - résultats
Vous n’avez pas pris ce quiz